| 000 | 00512nam a22001817a 4500 | ||
|---|---|---|---|
| 003 | CEME | ||
| 005 | 20210628205044.0 | ||
| 008 | 210128b xxu||||| |||| 00| 0 eng d | ||
| 020 | _a0-8194-2106-5 | ||
| 040 | _c. | ||
| 082 | _a621.362 WOL | ||
| 100 |
_aWolfe, William L _973666 |
||
| 245 | _aIntroduction to infrared system design | ||
| 260 |
_aUSA _bSPIE OPTICAL PRESS _c1996 |
||
| 300 | _aXIV,131P | ||
| 650 |
_aINFRARED EQUIPMENT DESIGN AND CONSTRUCTION.INFRARED SYSTEM DESIGN _973667 |
||
| 942 |
_cBK _2ddc |
||
| 999 |
_c579324 _d579324 |
||